00956nam a2200253 a 450000100100000000500170001000800410002704000250006808200150009310000340010824500820014226000340022430000300025849000370028849000090032550000420033470000460037671000850042283000400050783000160054704900090056395201130057299900170068500001631520250502073819.0100303s1985 dr 000 0 spa d aDO-SdBNPbspacBNPHU axxxbA485o1 aAmaro Guzmán, Raymundo965610aOrganigramas /cRaymundo Amaro Guzmán ; prólogo Luis Carlos Danín Lobo. aSanto Domingo :bONAP,c1985. a49 p. :bdiagr. ;c23 cm.1 aEstudios Administrativosvno. 121 aONAP aIncluye notas al pie de las páginas1 aDanín Lobo, Luis Carlosepról.9222861 aRepública Dominicana.bOficina Nacional de Administración y Personal 926398 0aEstudios Administrativosn12936415 aONAP910860 aBNPD 0010718PDaPDbPDcCTd2010-03-03iLF1l0oxxx A485op16315-10r2020-06-25w2020-06-25yLFPDZNo se presta c15850d15850